Постижение совершенства. Симметрия, асимметрия, диссимметрия, антисимметрия

Xehetasun bibliografikoak
Egile nagusia: Сонин А. С. Анатолий Степанович
Hizkuntza:errusiera
Argitaratua: Москва, Знание, 1987
Gaiak:
Formatua: MixedMaterials Liburua
KOHA link:https://koha.lib.tpu.ru/cgi-bin/koha/opac-detail.pl?biblionumber=251030

MARC

LEADER 00000nam0a2200000 4500
001 251030
005 20231101232622.0
035 |a (RuTPU)RU\TPU\book\273273 
090 |a 251030 
100 |a 20140218d1987 km y0rusy50 ca 
101 0 |a rus 
102 |a RU 
105 |a a z 001zy 
200 1 |a Постижение совершенства. Симметрия, асимметрия, диссимметрия, антисимметрия  |f А. С. Сонин 
210 |a Москва  |c Знание  |d 1987 
215 |a 207 с.  |c ил. 
320 |a Библиогр.: с. 205. 
606 1 |a Симметрия  |x (физика)  |2 stltpush  |3 (RuTPU)RU\TPU\subj\54834  |9 72913 
610 1 |a история 
610 1 |a кристаллы 
610 1 |a формы 
610 1 |a геометрия 
610 1 |a равенство 
610 1 |a физические законы 
610 1 |a пространство 
610 1 |a микромир 
610 1 |a природа 
610 1 |a левши 
610 1 |a правши 
610 1 |a гармония 
675 |a 530.145  |v 3 
700 1 |a Сонин  |b А. С.  |g Анатолий Степанович 
801 1 |a RU  |b 63413507  |c 20140218 
801 2 |a RU  |b 63413507  |c 20150204  |g RCR 
942 |c BK